Ligue 1 100 Biggest Transfers - Statistics

General Stats
  • This quiz has been taken 329 times
  • The average score is 64 of 100
Answer Stats
Nation Player From Joined % Correct
France ST Kylian Mbappe 18/19 Monaco Paris Saint-Germain
100%
Brazil LW Neymar 17/18 Barcelona Paris Saint-Germain
100%
Morocco RB Achraf Hakimi 21/22 Inter Milan Paris Saint-Germain
99%
Uruguay ST Edinson Cavani 13/14 Napoli Paris Saint-Germain
99%
Argentina RW Angel Di Maria 15/16 Manchester United Paris Saint-Germain
98%
France RW Ousmane Dembele 23/24 Barcelona Paris Saint-Germain
97%
France ST Moussa Dembele 18/19 Celtic Lyon
96%
France ST Randal Kolo Muani 23/24 Eintracht Frankfurt Paris Saint-Germain
96%
Brazil CB Thiago Silva 12/13 Milan Paris Saint-Germain
96%
Colombia ST Radamel Falcao 13/14 Atletico Madrid Monaco
95%
Brazil CB David Luiz 14/15 Chelsea Paris Saint-Germain
93%
France CB Lucas Hernandez 23/24 Bayern Munich Paris Saint-Germain
93%
Argentina ST Mauro Icardi 20/21 Inter Milan Paris Saint-Germain
93%
Colombia AM James Rodriguez 13/14 Porto Monaco
91%
Uruguay DM Manuel Ugarte 23/24 Sporting CP Paris Saint-Germain
89%
Germany LW Julian Draxler 16/17 Wolfsburg Paris Saint-Germain
88%
Brazil CB Marquinhos 13/14 Roma Paris Saint-Germain
88%
France RW Bradley Barcola 23/24 Lyon Paris Saint-Germain
86%
Canada ST Jonathan David 20/21 Gent Lille
86%
Portugal LB Nuno Mendes 22/23 Sporting CP Paris Saint-Germain
86%
Portugal CM Vitinha 22/23 Porto Paris Saint-Germain
86%
Portugal ST Vitinha 22/23 Braga Marseille
86%
Argentina AM Javier Pastore 11/12 Palermo Paris Saint-Germain
84%
France ST Wissam Ben Yedder 19/20 Sevilla Monaco
84%
Sweden ST Zlatan Ibrahimovic 12/13 Milan Paris Saint-Germain
84%
Argentina LW Ezequiel Lavezzi 12/13 Napoli Paris Saint-Germain
83%
Senegal CM Idrissa Gueye 19/20 Everton Paris Saint-Germain
83%
France AM Dimitri Payet 16/17 West Ham United Marseille
82%
Brazil DM Thiago Mendes 19/20 Lille Lyon
81%
Brazil RW Lucas Moura 12/13 Sao Paulo Paris Saint-Germain
79%
Germany CB Thilo Kehrer 18/19 Schalke Paris Saint-Germain
79%
Spain LW Jese Rodriguez 16/17 Real Madrid Paris Saint-Germain
78%
Argentina DM Leandro Paredes 18/19 Zenit Paris Saint-Germain
78%
Russia AM Aleksandr Golovin 18/19 CSKA Moscow Monaco
77%
Spain CM Fabian Ruiz 22/23 Napoli Paris Saint-Germain
77%
United States ST Folarin Balogun 23/24 Arsenal Monaco
76%
Belgium RW Jeremy Doku 20/21 Anderlecht Rennes
72%
South Korea AM Lee Kang-in 23/24 Mallorca Paris Saint-Germain
72%
Senegal CB Abdou Diallo 19/20 Borussia Dortmund Paris Saint-Germain
71%
France ST Elye Wahi 23/24 Montpellier Lens
71%
France ST Hugo Ekitike 23/24 Reims Paris Saint-Germain
71%
Portugal CM Renato Sanches 19/20 Bayern Munich Lille
71%
Netherlands CM Kevin Strootman 18/19 Roma Marseille
69%
Poland DM Grzegorz Krychowiak 16/17 Sevilla Paris Saint-Germain
68%
Brazil AM Lucas Paqueta 20/21 Milan Lyon
68%
Netherlands ST Memphis Depay 16/17 Manchester United Lyon
66%
Nigeria ST Victor Osimhen 19/20 Charleroi Lille
66%
France LB Layvin Kurzawa 15/16 Monaco Paris Saint-Germain
65%
Denmark ST Kasper Dolberg 19/20 Ajax Nice
64%
France ST Nicolas Anelka 00/01 Real Madrid Paris Saint-Germain
64%
Portugal DM Danilo Pereira 21/22 Porto Paris Saint-Germain
63%
Switzerland DM Denis Zakaria 23/24 Juventus Monaco
63%
Croatia CB Duje Caleta-Car 18/19 RB Salzburg Marseille
63%
Spain CM Carlos Soler 22/23 Valencia Paris Saint-Germain
62%
Central African Republic DM Geoffrey Kondogbia 13/14 Sevilla Monaco
61%
Belgium CM Youri Tielemans 17/18 Anderlecht Monaco
61%
Portugal LW Goncalo Guedes 16/17 Benfica Paris Saint-Germain
59%
Denmark CB Joachim Andersen 19/20 Sampdoria Lyon
58%
Argentina ST Lisandro Lopez 09/10 Porto Lyon
58%
France CM Yohan Cabaye 13/14 Newcastle United Paris Saint-Germain
58%
Portugal CM Joao Moutinho 13/14 Porto Monaco
57%
France ST Amine Gouiri 22/23 Nice Rennes
56%
Ivory Coast RW Nicolas Pepe 17/18 Angers Lille
55%
France AM Yoann Gourcuff 10/11 Bordeaux Lyon
52%
Brazil DM Bruno Guimaraes 19/20 Athletico Paranaense Lyon
51%
Nigeria ST Terem Moffi 23/24 Lorient Nice
51%
France ST Arnaud Kalimuendo 22/23 Paris Saint-Germain Rennes
50%
Spain RW Pablo Sarabia 19/20 Sevilla Paris Saint-Germain
50%
Brazil RW Raphinha 19/20 Sporting CP Rennes
50%
Spain LB Yuri Berchiche 17/18 Real Sociedad Paris Saint-Germain
50%
Belgium CB Arthur Theate 22/23 Bologna Rennes
49%
Portugal RW Gelson Martins 19/20 Atletico Madrid Monaco
49%
Brazil ST Lucas Severino 00/01 Athletico Paranaense Rennes
49%
France ST Andre-Pierre Gignac 10/11 Toulouse Marseille
48%
Senegal SS Iliman Ndiaye 23/24 Sheffield United Marseille
48%
Brazil CM Gerson 21/22 Flamengo Marseille
47%
Senegal ST Keita Balde 17/18 Lazio Monaco
46%
Turkey AM Yusuf Yazici 19/20 Trabzonspor Lille
46%
Brazil ST Sonny Anderson 99/00 Barcelona Lyon
44%
France AM Enzo Le Fee 23/24 Lorient Rennes
43%
Senegal RW Ismaila Sarr 17/18 Metz Rennes
43%
Ivory Coast LW Jeremie Boga 23/24 Atalanta Nice
42%
Portugal LW Rafael Leao 18/19 Sporting CP Lille
42%
France DM Aurelien Tchouameni 19/20 Bordeaux Monaco
41%
Chile CB Guillermo Maripan 19/20 Alaves Monaco
41%
France AM Jeff Reine-Adelaide 19/20 Angers Lyon
40%
France LW Sofiane Diop 22/23 Monaco Nice
40%
Germany RB Benjamin Henrichs 18/19 Bayer Leverkusen Monaco
38%
Senegal RW Krepin Diatta 20/21 Club Brugge Monaco
36%
Argentina CM Lucho Gonzalez 09/10 Porto Marseille
35%
Netherlands ST Myron Boadu 21/22 AZ Alkmaar Monaco
34%
Brazil LM Michel Bastos 09/10 Lille Lyon
33%
Italy ST Pietro Pellegri 17/18 Genoa Monaco
33%
Ghana LW Kamaldeen Sulemana 21/22 Nordsjaelland Rennes
29%
France ST Willem Geubbels 18/19 Lyon Monaco
29%
France CB Loic Bade 21/22 Lens Rennes
22%
Ivory Coast RW Abdul Kader Keita 07/08 Lille Lyon
21%
Ivory Coast CB Abakar Sylla 23/24 Club Brugge Strasbourg
18%
DR Congo ST Shabani Nonda 00/01 Rennes Monaco
16%
France CB Aly Cissokho 09/10 Porto Lyon
12%
No matching quizzes found
Score Distribution
Percent of People with Each Score
Percentile by Number Answered
Your Score History
You have not taken this quiz